000 00898nam a2200265Ia 4500
003 OSt
005 20220925195242.0
006 a|||||r|||| 00| 0
007 ta
008 220923b |||||||| |||| 00| 0 eng d
020 _a9781848448575
_c3775.9499999999998
037 _bBBS/67, 11/02/2011, Better Book Service
_cGeneral Book
040 _aRTL
_cRTL
_beng
041 _2eng
_aeng
082 _aX:57.46, Q0
100 _aMacDONALD Ronald
245 0 _aCurrency union and exchange rate issues
_b Lessons for the Gulf States
260 _aCheltenham
_bEdward Elgar
_c2010
300 _avi, 202p
_ccm.
490 _aNew Horizons in Money and Finance
650 _aEconomics
700 _a AL FARIS Abdulrazak
_9253921
942 _hX:57.46, Q0
_cGB
_2CC
999 _c532327
_d532327